Zelda The Minish Cap - Personnages - Statistiques

Statistiques générales
  • Ce quiz a été pris 10 fois
  • Le résultat moyen est 22 sur 75
Statistiques - réponses
Par images Réponse % Correct
Bill les Mains d'Or
100%
Link
100%
Princesse Zelda
100%
Din (Oracle)
90%
Vaati
90%
Esprit de Gustave
80%
Frères Tesshin
80%
Marchand Ambulant
80%
Tingle
80%
Exelo
70%
Roi d'Hyrule Dartas
70%
Facteur
60%
Farore (Oracle)
60%
Igor
60%
Nayru (Oracle)
60%
Smith
60%
Grande Fée Libellule
50%
Grande Fée Mirage
50%
Grande Fée Papillon
50%
Biggoron
40%
Maire Hagar
40%
Anju
30%
Dingle
30%
Gorman
30%
Malon
30%
Marchand de sacs
30%
Melta
30%
Terry
30%
Brutus
20%
David Junior
20%
Hamate
20%
Stamp
20%
Syrup
20%
Tengaro le Ministre
20%
Toricot
20%
Adhoc
10%
Anasna
10%
Baker
10%
Becco
10%
Belta
10%
Bookta
10%
Candy
10%
Cieux
10%
Cosmee
10%
Face
10%
Félicia
10%
Festa
10%
Fouyaya
10%
Genta
10%
Ghinya
10%
Gust
10%
Haru
10%
Jill
10%
Joël
10%
Klingle
10%
Mail
10%
Mamie Molbline
10%
Mitine
10%
Moka
10%
Mr.Write
10%
Mutoh
10%
Phill
10%
Poemoon
10%
Powder
10%
Rex
10%
Rocoli
10%
Sopor
10%
Sun
10%
Talon
10%
Timine
10%
Agnès
0%
Ermite du Gongle
0%
Johanna
0%
Simon
0%
Tortor
0%
Aucun quiz correspondant
Distribution des résultats
% des personnes avec chaque résultat
Percentile par nombre de réponses
Votre historique - résultats
Vous n’avez pas pris ce quiz